| 000 | 00720nam a2200181Ia 4500 | ||
|---|---|---|---|
| 008 | 151018s9999 xx 000 0 und d | ||
| 082 |
_bRBASDV17015 _a891.463 |
||
| 100 | _aदिनकर नीलकंठ देशपांडे | ||
| 245 | _aगजाननानेच मोरू बनविले | ||
| 250 | _b1 | ||
| 260 |
_bमंगल प्रकाशन _c1982 |
||
| 300 | _a16 | ||
| 600 | _aदिनकर नीलकंठ देशपांडे | ||
| 630 | _aगजाननानेच मोरू बनविले | ||
| 700 | _aदिनकर नीलकंठ देशपांडे | ||
| 730 | _aगजाननानेच मोरू बनविले | ||
| 942 | _cBOOK | ||
| 999 |
_c1017700 _d1017697 |
||